000 00586nam a2200205Ii 4500
003 JO-AjNU
008 230606s9999||||xx |||||||||||||| ||und||
020 _a0-471-59484-9
040 _aJO-AjNU
_beng
_erda
_cJO-AjNU
041 _aeng
050 1 4 _aQA76.64.H67.1994
100 3 _aHORSTMAN,CAY S,
_eauthor
_91063
245 0 0 _aMastering Object-Orinted Design in c++
264 3 1 _aJohn WILEY:NEW YOK.1994
300 _a452p
336 _atext
_btxt
_2rdacontent
337 _aunmediated
_bn
_2rdamedia
338 _avolume
_bnc
_2rdacarrier
650 4 _aCOMPUTER Program language
_91064
999 _aE558
_c558
_d558